| 000 | 00475nam a2200145Ia 4500 | ||
|---|---|---|---|
| 008 | 220216s9999 xx 000 0 und d | ||
| 100 | _aChasset R | ||
| 245 | 0 | _aNew equipment for measuring creep and recovery of raw rubber and crude compounds | |
| 260 | _bProceedings of the International Rubber Conference, Kuala Lumpur, Malaysia, V.2. 1985; p244-255 | ||
| 650 | _aCrepe | ||
| 650 | _aCrude compounds | ||
| 650 | _aRaw rubber | ||
| 700 | _aDe Livonniere H | ||
| 942 | _cJS | ||
| 999 |
_c63802 _d63802 |
||